| 000 | 00687 a2200181 4500 | ||
|---|---|---|---|
| 003 | Nust | ||
| 005 | 20170207153212.0 | ||
| 040 | _cNust | ||
| 082 | _a005.1 | ||
| 100 | _aKhan, Fawad (MSCS-11) | ||
| 245 |
_aEthernet passive optical network (EPON) system with triple play support for NUST access network _cFawad Khan |
||
| 260 |
_bMCS,NUST _c2007 _aRawalpindi |
||
| 300 | _aviii,63, p.; | ||
| 505 | _aIntroduction (page-1) Literature review (page-4) NUST hybrid pon with triple play support (page-11) Analysis (page-25) Simulation and results (page-33) Conclusion and future research directions (page-42) | ||
| 538 | _aAlmirah No 73 Shelf No 2 | ||
| 650 | _a PG Thesis | ||
| 651 | _aMSCS-11 | ||
| 942 | _cTHS | ||
| 999 |
_c181433 _d181433 |
||